| 000 | 01058nam a22003015a 4500 | ||
|---|---|---|---|
| 999 |
_c25572 _d25544 |
||
| 003 | EG-ScBUE | ||
| 005 | 20210517112015.0 | ||
| 008 | 171113s2006 ii f 000 0deng d | ||
| 020 | _a8175811196 | ||
| 040 |
_aEG-ScBUE _beng _erda _cEG-ScBUE _dEG-ScBUE |
||
| 082 | 0 | 4 |
_a821.89 _bLAL _222 |
| 100 | 1 |
_aLall, Ramji, _eauthor. |
|
| 245 | 1 | 0 |
_aGerard Manley Hopkins : _ban evaluation of his poetry / _cRamji Lall, M.A., formerly principal, Dyal Singh College, University of Delhi. |
| 250 | _aTwenty-third edition. | ||
| 264 | 1 |
_aNew Delhi : _bRama Brothers India Pvt. Ltd., _c2006. |
|
| 300 |
_aix, 237 pages ; _c20 cm. |
||
| 336 |
_2rdacontent _atext _btxt |
||
| 337 |
_2rdamedia _aunmediated _bn |
||
| 338 |
_2rdacarrier _avolume _bnc |
||
| 490 | 0 | _aStudies in poets | |
| 600 | 1 | 7 |
_aHopkins, Gerard Manley, _d1844-1889 _xCriticism and interpretation. _2BUEsh |
| 650 | 7 |
_aChristian poetry, English. _2BUEsh |
|
| 650 | 7 |
_aGod in literature. _2BUEsh |
|
| 651 | _2BUEsh | ||
| 653 |
_bHHUUEENN _cNovember2017 |
||
| 655 |
_vReading book _934232 |
||
| 942 |
_2ddc _cBB |
||